| 000 -LEADER |
| fixed length control field |
00844nam a2200205Ia 4500 |
| 003 - CONTROL NUMBER IDENTIFIER |
| control field |
OSt |
| 005 - DATE AND TIME OF LATEST TRANSACTION |
| control field |
20241120110608.0 |
| 007 - PHYSICAL DESCRIPTION FIXED FIELD--GENERAL INFORMATION |
| fixed length control field |
ca aa aaaaa |
| 008 - FIXED-LENGTH DATA ELEMENTS--GENERAL INFORMATION |
| fixed length control field |
201103s9999 xx 000 0 und d |
| 040 ## - CATALOGING SOURCE |
| Transcribing agency |
SSBUL |
| 041 ## - LANGUAGE CODE |
| Language code of text/sound track or separate title |
bur |
| 082 ## - DEWEY DECIMAL CLASSIFICATION NUMBER |
| Edition number |
23 |
| Classification number |
၂၉၄.၃၇၂ နာ |
| Item number |
၉၁၈၀ S-SAT |
| 100 0# - MAIN ENTRY--PERSONAL NAME |
| Personal name |
နာဂဝံသ၊ အရှင်(မုံရွာ) |
| 9 (RLIN) |
17337 |
| 245 10 - TITLE STATEMENT |
| Title |
သာသနာပြုခရီးသည် / |
| Statement of responsibility, etc. |
အရှင်နာဂဝံသ(မုံရွာ)။ |
| 260 ## - PUBLICATION, DISTRIBUTION, ETC. |
| Place of publication, distribution, etc. |
ရန်ကုန် ၊ |
| Name of publisher, distributor, etc. |
တိုက်လင်းစာပေ၊ |
| Date of publication, distribution, etc. |
၂၀၀၀။ |
| 300 ## - PHYSICAL DESCRIPTION |
| Extent |
ဃ၊ ၂၅၀ စာမျက်နှာ ၊ |
| Other physical details |
ဓါတ်ပုံများ ၊ |
| Dimensions |
၂၀ စင်တီ။ |
| 500 ## - GENERAL NOTE |
| General note |
S-SAT: Dr. Sai Aung Tun |
| 650 ## - SUBJECT ADDED ENTRY--TOPICAL TERM |
| Topical term or geographic name entry element |
ဗုဒ္ဓသာသနာပြု |
| 942 ## - ADDED ENTRY ELEMENTS (KOHA) |
| Source of classification or shelving scheme |
|
| Koha item type |
Book (Short term) |